| 000 | 00955nam a2200289 a 4500 | ||
|---|---|---|---|
| 001 | BRCA_322 | ||
| 005 | 20190320202947.0 | ||
| 008 | 880517s1987 enkaf b 000 0 eng | ||
| 020 | _a0571180728 | ||
| 040 |
_aDLC _cDLC _dDLC |
||
| 050 | 4 |
_aNK4399.N4 _b.H65 1987 |
|
| 100 | 1 |
_aHolgate, David _91069 |
|
| 245 | 1 | 0 |
_aNew Hall _cDavid Holgate |
| 250 | _a2 ed. | ||
| 260 |
_aBoston _bFaber and Faber _c1987 |
||
| 300 |
_aXXI, 243 p., [16] p. de láminas _bil. (algunas a color) _c26 cm. |
||
| 440 | 0 |
_aThe Faber Monographs on Pottery and Porcelain _91070 |
|
| 500 | _aEdición revisada de: New Hall and its imitators | ||
| 500 | _aIncluye índice | ||
| 500 | _aDonación Consejo Británico | ||
| 504 | _aBibliografía: p. 238-239 | ||
| 610 | 2 | 4 |
_aNew Hall _v(Fábrica de porcelana) _91071 |
| 610 | 2 | 4 |
_aPorcelana New Hall _eColecciones y coleccionistas _91072 |
| 700 | 1 |
_aHolgate, D. _tNew Hall and its imitators _91073 |
|
| 902 | _aDCB | ||
| 942 |
_2lcc _cB |
||
| 999 |
_c259 _d259 |
||